Manual of experiments in physics, (Record no. 544192)
[ view plain ]
| 000 -LEADER | |
|---|---|
| fixed length control field | 00509nam a22001571 4500 |
| 082 00 - DEWEY DECIMAL CLASSIFICATION NUMBER | |
| Classification number | 530 |
| Author Mark | SHR |
| -- | L-6, P-30 |
| 100 1# - MAIN ENTRY--PERSONAL NAME | |
| Personal name | Shrader, J. E |
| 9 (RLIN) | 39750 |
| 245 10 - TITLE STATEMENT | |
| Title | Manual of experiments in physics, |
| Statement of responsibility, etc. | Shrader, J. E |
| 250 ## - EDITION STATEMENT | |
| Edition statement | 1st ed. |
| 260 ## - PUBLICATION, DISTRIBUTION, ETC. | |
| Place of publication, distribution, etc. | New York, |
| -- | London, |
| Name of publisher, distributor, etc. | McGraw-Hill book company, inc., |
| Date of publication, distribution, etc. | 1937. |
| 300 ## - PHYSICAL DESCRIPTION | |
| Extent | xv, 262 p.: |
| Other physical details | illus., diagrs. |
| Dimensions | 24 cm. |
| 526 ## - STUDY PROGRAM INFORMATION NOTE | |
| Program name | 0 |
| Interest level | 0 |
| Reading level | 0 |
| Title point value | 530_000000000000000_SHR |
| 650 #0 - SUBJECT ADDED ENTRY--TOPICAL TERM | |
| Topical term or geographic name entry element | Physics |
| General subdivision | Laboratory manuals. |
| 9 (RLIN) | 39751 |
| 700 ## - ADDED ENTRY--PERSONAL NAME | |
| Personal name | Shrader, J. E |
| 9 (RLIN) | 39750 |
| 942 ## - ADDED ENTRY ELEMENTS (KOHA) | |
| Source of classification or shelving scheme | |
| Koha item type | Book |
| Withdrawn status | Lost status | Source of classification or shelving scheme | Damaged status | Not for loan | Permanent Location | Current Location | Date acquired | Total Checkouts | Full call number | Barcode | Date last seen | Price effective from | Koha item type |
|---|---|---|---|---|---|---|---|---|---|---|---|---|---|
| Military College of Engineering (MCE) | Military College of Engineering (MCE) | 04/15/2014 | 530 SHR | MCE-40611 | 04/15/2014 | 04/15/2014 | Book |
